Phương pháp dạy học bộ môn công tác đội Giáo trình cao đẳng sư phạm
Những kiến thức chung về dạy học bộ môn, phương pháp và cách tổ chức các hoạt động mang tính nghiệp vụ của Đội Thiếu niên tiền phong Hồ Chí Minh.
Wedi'i Gadw mewn:
| Prif Awdur: | |
|---|---|
| Awduron Eraill: | |
| Fformat: | Llyfr |
| Iaith: | Vietnamese |
| Cyhoeddwyd: |
H.
Đại học Sư phạm
2007
|
| Pynciau: | |
| Tagiau: |
Ychwanegu Tag
Dim Tagiau, Byddwch y cyntaf i dagio'r cofnod hwn!
|
| Thư viện lưu trữ: | Mạng thư viện Đại học Đà Nẵng |
|---|
| LEADER | 01515nam a2200361 4500 | ||
|---|---|---|---|
| 001 | 000024159 | ||
| 003 | 20638 | ||
| 005 | 20161018101012.0 | ||
| 008 | 161017s2007 viesd | ||
| 020 | |c 33000 | ||
| 041 | 0 | |a vie | |
| 082 | 1 | 4 | |a 355.540712 |b BU-T |
| 100 | 1 | |a Bùi Sỹ Tụng | |
| 245 | 1 | 0 | |a Phương pháp dạy học bộ môn công tác đội |b Giáo trình cao đẳng sư phạm |c Bùi Sỹ Tụng (ch.b), Phan Nguyên Thái |
| 260 | |a H. |b Đại học Sư phạm |c 2007 | ||
| 300 | |a 198 tr. |b minh họa |c 24 cm. | ||
| 500 | |a ĐTTS ghi: Bộ Giáo dục và Đào tạo. Dự án Đào tạo Giáo viên THCS. | ||
| 504 | |a Thư mục: tr. 197-198 | ||
| 520 | 3 | |a Những kiến thức chung về dạy học bộ môn, phương pháp và cách tổ chức các hoạt động mang tính nghiệp vụ của Đội Thiếu niên tiền phong Hồ Chí Minh. | |
| 650 | 0 | 4 | |a Công tác Đội |x Dạy và học |
| 653 | |a Phương pháp giảng dạy | ||
| 653 | |a Đội TNTP Hồ Chí Minh | ||
| 700 | 1 | |a Phan Nguyên Thái | |
| OWN | |a LSP | ||
| AVA | |a UDN50 |b LSP |d 355.540712 BU-T |e available |t Error 5001 Not defined in file expand_doc_bib_avail. |f 5 |g 0 |h N |i 0 |k 1 | ||
| 999 | |a From the UDN01 | ||
| AVA | |a UDN50 |b LSP |d 355.540712 BU-T |e available |t Error 5001 Not defined in file expand_doc_bib_avail. |f 5 |g 0 |h N |i 0 |k 1 | ||
| TYP | |a Monograph | ||
| TYP | |a Printed language | ||
| 980 | |a Mạng thư viện Đại học Đà Nẵng | ||